| 000 -LEADER |
| fixed length control field |
00824pab a2200181 454500 |
| 008 - FIXED-LENGTH DATA ELEMENTS--GENERAL INFORMATION |
| fixed length control field |
180718b2001 xxu||||| |||| 00| 0 eng d |
| 100 ## - MAIN ENTRY--PERSONAL NAME |
| Personal name |
Rao, K.S. Ramachandra |
| 245 ## - TITLE STATEMENT |
| Title |
Indebtedness of households: changing characteristics |
| 260 ## - PUBLICATION, DISTRIBUTION, ETC. |
| Date of publication, distribution, etc. |
2001 |
| 300 ## - PHYSICAL DESCRIPTION |
| Extent |
p.1617-626 |
| 362 ## - DATES OF PUBLICATION AND/OR SEQUENTIAL DESIGNATION |
| Dates of publication and/or sequential designation |
12 May |
| 520 ## - SUMMARY, ETC. |
| Summary, etc. |
This paper attempts to examine indebtedness of rural and urban households in terms of their major characteristics in 1981 and 1991. The important changes introduced in the All-India Debt and Investment Survey of 1991-92 are reviewed and a comparison of the estimates of household debt from the survey with those derived from other sources is presented. - Reproduced |
| 650 ## - SUBJECT ADDED ENTRY--TOPICAL TERM |
| Topical term or geographic name entry element |
Households - India |
| 650 ## - SUBJECT ADDED ENTRY--TOPICAL TERM |
| Topical term or geographic name entry element |
Debts |
| 700 ## - ADDED ENTRY--PERSONAL NAME |
| Personal name |
Tripathi, A.K. |
| 773 ## - HOST ITEM ENTRY |
| Main entry heading |
Economic and Political Weekly |
| 909 ## - |
| -- |
48358 |